00274nam a22001217a 4500003000400000082001800004100001600022245002800038260004400066300000800110650001700118653001700135SGT a617.643bC21N aNasir, Annu aCustomised Orthodontics aGurugram, HaryanabSGT Universityc2021 a175 aOrthodontics aOrthodontics